ESL Demystified / (Record no. 25991)

MARC details
000 -LEADER
fixed length control field 01527cam a22004098i 4500
005 - DATE AND TIME OF LATEST TRANSACTION
control field 20230714115939.0
008 - FIXED-LENGTH DATA ELEMENTS--GENERAL INFORMATION
fixed length control field 130712s2013 ilu 000 0 eng
010 ## - LIBRARY OF CONGRESS CONTROL NUMBER
LC control number 2013026954
020 ## - INTERNATIONAL STANDARD BOOK NUMBER
ISBN 0071820779
020 ## - INTERNATIONAL STANDARD BOOK NUMBER
ISBN 9780071820776 (book and cd set)
040 ## - CATALOGING SOURCE
Original cataloging agency DLC
Language of cataloging eng
Transcribing agency DLC
Description conventions rda
Modifying agency DLC
042 ## - AUTHENTICATION CODE
Authentication code pcc
082 00 - DEWEY DECIMAL CLASSIFICATION NUMBER
Classification number 428.24
Edition number 23
Item number SWI-E
100 1# - MAIN ENTRY--AUTHOR
Author Name Swick, Edward.
245 10 - TITLE STATEMENT
Title ESL Demystified /
Statement of responsibility, etc. Ed Swick.
260 ## - PUBLICATION, DISTRIBUTION, ETC.
Place of Publication New York
Name of publisher, distributor, etc. McGraw Hill
Date of publication, distribution, etc. 2014
300 ## - PHYSICAL DESCRIPTION
Pages pages cm.
300 ## - PHYSICAL DESCRIPTION
Pages 1 audio disc:
336 ## - CONTENT TYPE
Content type term text
Source rdacontent
336 ## - CONTENT TYPE
Materials specified book
Content type term text
Source rdacontent
336 ## - CONTENT TYPE
Materials specified audio CD
Content type term spoken word
Source rdacontent
337 ## - MEDIA TYPE
Media type term unmediated
Source rdamedia
337 ## - MEDIA TYPE
Materials specified book
Media type term unmediated
Source rdamedia
337 ## - MEDIA TYPE
Materials specified audio CD
Media type term audio
Source rdamedia
338 ## - CARRIER TYPE
Carrier type term volume
Source rdacarrier
338 ## - CARRIER TYPE
Materials specified book
Carrier type term volume
Source rdacarrier
338 ## - CARRIER TYPE
Materials specified audio CD
Carrier type term audio disc
Source rdacarrier
650 #0 - SUBJECT ADDED ENTRY--TOPICAL TERM
Subject / Department English language
Form subdivision Textbooks for foreign speakers.
650 #0 - SUBJECT ADDED ENTRY--TOPICAL TERM
Subject / Department English language
General subdivision Grammar
Form subdivision Problems, exercises, etc.
263 ## - PROJECTED PUBLICATION DATE
Projected publication date 1311
264 #1 - PRODUCTION, PUBLICATION, DISTRIBUTION, MANUFACTURE, AND COPYRIGHT NOTICE
Place of production, publication, distribution, manufacture Chicago :
Name of producer, publisher, distributor, manufacturer McGraw-Hill Education,
Date of production, publication, distribution, manufacture, or copyright notice [2014]
300 ## - PHYSICAL DESCRIPTION
-- digital,CD audio;
-- 4 3/4 in.
856 42 -
-- Contributor biographical information
-- http://www.loc.gov/catdir/enhancements/fy1318/2013026954-b.html
856 42 -
-- Publisher description
-- http://www.loc.gov/catdir/enhancements/fy1318/2013026954-d.html
906 ## - LOCAL DATA ELEMENT F, LDF (RLIN)
a 7
b rix
c orignew
d 1
e ecip
f 20
g y-gencatlg
952 ## - LOCATION AND ITEM INFORMATION (KOHA)
-- 0
-- 0
Holdings
Lost status Damaged status Permanent Location Current Location Shelving Location Date acquired Full Call Number Accession No./Barcode Date last seen item type
    Superior Information Resource Center (SIRC) Superior University- Gold Campus Superior Information Resource Center (SIRC) Superior University- Gold Campus MISC( english ) 07/14/2023 428.24 SWI-E 2014 19450 07/14/2023 BOOK

Powered by Koha